[Event "Olympiad-42"]
[Site "Baku"]
[Date "2016.09.12"]
[Round "10.2"]
[White "Mueller, Leonhard"]
[Black "Bello, Gassan M"]
[Result "1-0"]
[WhiteElo "2204"]
[BlackElo "2096"]
[PlyCount "77"]
[EventDate "2016.09.02"]
[EventType "team-swiss"]
[EventRounds "11"]
[EventCountry "AZE"]
[SourceTitle "CBM 175"]
[Source "ChessBase"]
[SourceDate "2016.11.10"]
[SourceVersion "1"]
[SourceVersionDate "2016.11.10"]
[SourceQuality "1"]
[WhiteTeam "Namibia"]
[BlackTeam "Syria"]
[WhiteTeamCountry "NAM"]
[BlackTeamCountry "SYR"]

1. d4 Nf6 2. Nf3 d5 3. c4 c6 4. Nc3 e6 5. Bg5 Nbd7 6. e3 Be7 7. Bd3 0-0 8. 0-0 Re8 9. Qc2 Nf8 10. Ne5 dxc4 11. Bxc4 Nd5 12. Bxe7 Qxe7 13. Rae1 Nb6 14. Bb3 f6 15. Nd3 Kh8 16. f4 Nd5 17. e4 Nb4 18. Nxb4 Qxb4 19. Rd1 Bd7 20. a3 Qe7 21. Kh1 Rad8 22. Ba2 Bc8 23. h3 Qf7 24. f5 Qe7 25. fxe6 Nxe6 26. e5 fxe5 27. dxe5 Nd4 28. Qe4 c5 29. Rf7 Qg5 30. Rdf1 Bd7 31. e6 Bxe6 32. Bxe6 Qh6 33. Ba2 g6 34. Re7 Rxe7 35. Qxe7 Rc8 36. Be6 Ra8 37. Bg4 b6 38. Ne4 Qg7 39. Rf7 1-0

[Event "Olympiad-42"]
[Site "Baku"]
[Date "2016.09.11"]
[Round "9.2"]
[White "Bello, Gassan M"]
[Black "Mohammed, Zozek Salah Mohamme"]
[Result "0-1"]
[WhiteElo "2096"]
[BlackElo "2251"]
[PlyCount "90"]
[EventDate "2016.09.02"]
[EventType "team-swiss"]
[EventRounds "11"]
[EventCountry "AZE"]
[SourceTitle "CBM 175"]
[Source "ChessBase"]
[SourceDate "2016.11.10"]
[SourceVersion "1"]
[SourceVersionDate "2016.11.10"]
[SourceQuality "1"]
[WhiteTeam "Syria"]
[BlackTeam "Iraq"]
[WhiteTeamCountry "SYR"]
[BlackTeamCountry "IRQ"]

1. e4 c5 2. Nc3 d6 3. g3 g6 4. Bg2 Bg7 5. f4 e6 6. d3 Ne7 7. Nf3 Nbc6 8. 0-0 Rb8 9. Be3 0-0 10. Qd2 b5 11. h3 b4 12. Nd1 Qb6 13. Kh2 a5 14. Rb1 a4 15. Nf2 d5 16. Nh1 Ba6 17. e5 b3 18. axb3 axb3 19. c3 Rfd8 20. Ra1 d4 21. cxd4 cxd4 22. Bg1 Nb4 23. Ne1 Nf5 24. Be4 Ne3 25. Rf3 Nbc2 26. Nxc2 Nxc2 27. Rc1 Rbc8 28. Rff1 Bf8 29. g4 Bb4 30. Qg2 Qa5 31. Qg3 Bd2 32. Rb1 Ne3 33. Bxe3 dxe3 34. Qf3 Bxd3 35. Bxd3 Rxd3 36. Ng3 Rc2 37. Ne4 Bc1+ 38. Kg3 Bxb2 39. Nf6+ Kg7 40. Kh4 Qa6 41. Rfd1 Rcd2 42. Re1 e2 43. Qe4 Bd4 44. Rxe2 Rxe2 45. Qxe2 Rxh3+ 0-1